| 000 | 00925nam a2200265Ia 4500 | ||
|---|---|---|---|
| 003 | OSt | ||
| 005 | 20221005111141.0 | ||
| 006 | a|||||r|||| 00| 0 | ||
| 007 | ta | ||
| 008 | 221004b |||||||| |||| 00| 0 hin d | ||
| 020 |
_a9789350001820 (hbk) _c250 |
||
| 024 | _a19958 | ||
| 037 |
_b518, 21/03/2015, Vani Prakashan _cTextual |
||
| 040 |
_aCRL _cCRL _bhin |
||
| 041 |
_2hin _ahin |
||
| 082 | _aO155,2N28,EZ, 152Q0 | ||
| 100 | _aतेंडुलकर, विजय | ||
| 245 | 0 | _aएक जिद्दी लड़की | |
| 246 | _aEk jiddī laड़kī | ||
| 260 |
_aनई दिल्ली _bवाणी प्रकाशन भारत _c2010 |
||
| 300 |
_a102पृ0 _ccm. |
||
| 650 | _aमराठी साहित्य | ||
| 942 |
_hO155,2N28,EZ, 152Q0 _cTEXL _2cc |
||
| 999 |
_c1020965 _d1020965 |
||